1580 1195 1409 1209 1039 1142 1514 1056 1915 1408 1441 1551 1480 1707 1469 1366 1515 1611 1463 1776 1537 1019 1379 1552 1683 1246 1014 1411 1601 1876 1496 1119 1804 1936 1550 1768 1630 1138 1863 1304 1650 1669 1348 1158 1198 1018 1276 1706 1869 1346 1353 1506 1902 1993 1334 1309 1847 1648 1058 1143 1841 1952 1301 1197 1299 1588 1657 1635 1738 1322 1925 1055 1610 1967 1510 1926 1273 1468 1534 1743 1207 1485 1425 1422 1748 1235 1376 1444 1995 1654 1522 1856 1456 1368 1989 1824 1442 1060 1429 BCNSPRNW ULIB Ver.6.0+V

เปลี่ยนเป็นภาษาไทย

Change to English
 แสดงรายละเอียดบรรณานุกรม
  กลับหน้าหลัก

Brief Record : Get Marc (ISO 2709) : E-mail record : QR code < ปิดหน้าต่าง
LEADER : 00000nam 2200000uu 4500
001    13399122110
003     ULIB
008    121226s2550||||th 000 0 tha d
099    ^aวจ.HM132^bจ533ค
100 0  ^aจิรพร จันทรมณี สุภาเพ็ญ ปาณะวัฒนพิสุทธิ์ และนภัสวรรณ บุญประเสริฐ
245 00 ^aความพึงพอใจของบุคลากรต่อระบบการบริหารของวิทยาลัยพยาบาลบรมราชชนนี สวรรค์ประชารักษ์ นครสวรรค์/^cจิรพร จันทรมณี สุภาเพ็ญ ปาณะวัฒนพิสุทธิ์ และนภัสวรรณ บุญประเสริฐ
260    ^aนครสวรรค์:^bวิทยาลัยพยาบาลบรมราชชนนี สวรรค์ประชารักษ์ นครสวรรค์,^c2550
300    ^a73 หน้า
650  7 ^aการบริหารวิทยาลัยพยาบาล^xวิจัย
700    ^a สุภาเพ็ญ ปาณะวัฒนพิสุทธิ์
700    ^a นภัสวรรณ บุญประเสริฐ
710 2  ^aกระทรวงสาธารณสุข.^bสถาบันพระบรมราชนก.^bวิทยาลัยพยาบาลบรมราชชนนี สวรรค์ประชารักษ์ นครสวรรค์.
945    ^p0^l0^i023510
995    ^aเกษร
999    ^aวิภา
รายการนี้ยังไม่มีแท็ก
คุณยังไม่ได้ล็อกอิน คุณสามารถมีกิจกรรมร่วมกับเว็บไซต์ได้ แต่ต้องล็อกอินก่อน ::
  ล็อกอิน

รายการสื่อสารสนเทศ

ลำดับที่ ประเภท เลขเรียก/บาร์โค้ด สถานที่ สถานะ
1. งานวิจัย
งานวิจัย
วจ.HM132 จ533ค  
  Barcode: 023510
ห้องสมุดวิทยาเขตสวรรค์ประชารักษ์
►วิจัย
บนชั้น

BibComment


ยังไม่เคยถูกคอมเมนท์

คอมเมนท์ทรัพยากรรายการนี้
  คอมเมนท์: ความพึงพอใจของบุ..


 Copyright 2026. Bcnsprnw @Library